000 01595cam a22004694i 4500
003 PE-LiUPU
005 20250731172735.0
008 150617s r 000 0 d
020 _a8428511535
035 _a(Sirsi) i9788428511537
040 _aPE-LiUPU
_bspa
_cPE-LiUPU
_erda
049 _aPRUA
082 0 4 _a201.1
_bM94
_221
100 1 _aMuñoz, Ronaldo,
_eautor.
245 1 0 _aDios de los Cristianos /
_cRonaldo Muñoz.
264 1 _aMadrid :
_bEdiciones Paulinas,
_c1987.
300 _a252 páginas ;
_c21 centímetros.
336 _atext
_2rdacontent
337 _aunmediated
_2rdamedia
338 _avolume
_2rdacarrier
504 _aIncluye bibliografía.
505 0 _aEl tema Dios -- Dios en nuestra marcha creyente -- Dios y el mundo -- Dios y el hombre -- El Dios del Antiguo Testamento -- El Dios de Jesús de Nazaret -- Dios en el mensaje del Nuevo Testamento.
526 _aSEG42
526 _aSEG41
526 _aSEG40
526 _aSEG39
526 _aP94
526 _aP87
526 _aP86
526 _aP85
526 _aP77
526 _aP76
526 _aP35
650 0 4 _aDios.
_93786
910 _ajck
_bjvq
_cjck
_d20150616
942 _2ddc
_cBOOK
949 _a201.1 M94
_wDEWEY
_c1
_i29133
_lCCODEBUL1
_mBUL
_r0
_sY
_tBOOK
_u2015-4-21
_xTEOLOGIA
_PP35
_0COMPRA
_o.STAFF. Colección General
994 _aC0
_bPEPRU
596 _a1
999 _a201.1 M94
_wDEWEY
_c1912
_i29133
_f2021-11-11
_g5
_lCCODEBUL1
_mBUL
_r0
_sY
_tBOOK
_u2015-4-21
_xTEOLOGIA
_PP35
_0COMPRA
_o.STAFF. Colección General
_d1912
980 _81
_gALBERTO SANCHEZ Responsable de Automatización